| 000 | 00585nam a22001817a 4500 | ||
|---|---|---|---|
| 005 | 20180412104638.0 | ||
| 010 | _aENG-122457 | ||
| 020 |
_a9788171398683 _c800.00 |
||
| 035 | _aEN-105989 | ||
| 037 | _bDBAD/PUB | ||
| 082 | _a954.05092 | ||
| 100 | _aTrivedi, Priya Ranjan | ||
| 245 |
_aRam nath kovind: _cby Priya Ranjan Trivedi _bfrom ranks to raisina / |
||
| 260 |
_aNew Delhi _bJnanada Prakashan (P&D) _c2017 |
||
| 270 |
_a4837/2, 24, Ansari Road, Daryaganj, _bNew Delhi _e110002 |
||
| 300 |
_a243p. _bill. picture _c21cm(Hb) |
||
| 942 |
_2ddc _cEN _mTRI _h954.05092 |
||
| 999 |
_c150684 _d150684 |
||